Interfaz gráfica de configuración y supervisión para controladores Foxboro 716C utilizando LabView
Guardado en:
| Hovedforfatter: | |
|---|---|
| Andre forfattere: | |
| Format: | Bog |
| Sprog: | Spanish |
| Udgivet: |
[San José], Costa Rica
2015
|
| Fag: | |
| Tags: |
Tilføj Tag
Ingen Tags, Vær først til at tagge denne postø!
|
MARC
| LEADER | 00000nam a22000007a 4500 | ||
|---|---|---|---|
| 003 | 012395 | ||
| 005 | 20230914105531.0 | ||
| 008 | 160707b2015 cr a|||| |||| 00| ||spa d | ||
| 040 | |c cru CEDI | ||
| 090 | |a TFG 7553 | ||
| 100 | |9 1504 |a Blandino Hernández, Oscar Alfonso, 1993- | ||
| 245 | |a Interfaz gráfica de configuración y supervisión para controladores Foxboro 716C utilizando LabView | ||
| 260 | |a [San José], Costa Rica |c 2015 | ||
| 300 | |a xv, 95,[4] hojas; ilustraciones | ||
| 500 | |a Proyecto de graduación (bachillerato en ingeniería eléctrica)--Universidad de Costa Rica. Facultad de Ingeniería. Escuela de Ingeniería Eléctrica | ||
| 501 | |a Profesor Guía de IE-0499 Proyecto Eléctrico: Dr. José David Rojas Fernández | ||
| 650 | |x CONTROLADORES PID |x CONTROLADORES LOGICOS PROGRAMABLES |x CONTROL AUTOMATICO |x SISTEMAS DE CONTROL DIGITAL |x INTERFASES GRAFICAS CON EL USUARIO (SISTEMAS PARA COMPUTADORA) |9 5183 | ||
| 700 | |9 701 |a Rojas Fernández, José David, 1984- |d Director de Proyecto Eléctrico | ||
| 942 | |c CEDI | ||
| 999 | |c 16976 |d 16976 | ||
